000
00230nam a2200097Ia 4500
008
170619s9999 xx 000 0 und d
100
_a
Beckwith- Thomas G.
245
0
_a
Mechanical Measurement
260
_b
New Delhi: PHI
260
_c
2003
546
_a
ENGLISH
999
_c
16682
_d
16682